[Event "World Blitz 2025"]
[Site "Doha QAT"]
[Date "2025.12.29"]
[Round "9.111"]
[White "Halkias, Stelios"]
[Black "Berend, Fred"]
[Result "1-0"]
[WhiteTitle "GM"]
[BlackTitle "IM"]
[WhiteElo "2503"]
[BlackElo "2213"]
[WhiteFideId "4201809"]
[BlackFideId "4000102"]
[EventDate "2025.12.29"]

1. Nf3 Nf6 2. c4 e6 3. g3 d5 4. d4 dxc4 5. Bg2 c5 6. O-O Nc6 7. Ne5 Bd7 8. Nxc4
cxd4 9. Bf4 Bc5 10. Nd6+ Ke7 11. Nxb7 Qb6 12. Nxc5 Qxc5 13. Nd2 e5 14. Rc1 Qb5
15. Bg5 Rac8 16. Ne4 h6 17. Bxf6+ gxf6 18. e3 Rhd8 19. Qh5 Qb6 20. Qh4 Nb4 21.
exd4 Rxc1 22. Rxc1 Nd3 23. Rd1 Bb5 24. dxe5 Nxe5 1-0

[Event "World Blitz 2025"]
[Site "Doha QAT"]
[Date "2025.12.29"]
[Round "9.112"]
[White "Chanda, Sandipan"]
[Black "Bodemar, Jonathan"]
[Result "1-0"]
[WhiteTitle "GM"]
[BlackTitle "CM"]
[WhiteElo "2490"]
[BlackElo "2154"]
[WhiteFideId "5004225"]
[BlackFideId "6205488"]
[EventDate "2025.12.29"]

1. d4 Nf6 2. Nf3 d5 3. e3 c5 4. Be2 Nc6 5. O-O Bg4 6. h3 Bh5 7. dxc5 e6 8. a3
Bxc5 9. b4 Bd6 10. Bb2 O-O 11. c4 dxc4 12. Bxc4 Qe7 13. Nbd2 Rfd8 14. Qb3 Rac8
15. Rac1 h6 16. Nd4 Ne5 17. Nb5 Nxc4 18. Nxc4 Bb8 19. Rfe1 Bg6 20. Nd4 Ne4 21.
Nf3 Bh5 22. g4 Bg6 23. Be5 b5 24. Na5 Nd2 25. Nxd2 Bxe5 26. Nf3 Rxc1 27. Rxc1
Qf6 28. Nxe5 Qxe5 29. Nc6 Qc7 30. Qb2 Rd5 31. Nd4 Qd7 32. Rc5 e5 33. Nf3 f6 34.
Qb3 Bf7 35. Qc3 Rd1+ 36. Kh2 Bc4 37. Qc2 Rd3 38. a4 a6 39. axb5 axb5 40. Qb1 Rd1
41. Qf5 Qxf5 42. gxf5 Rb1 43. Nh4 Bf7 44. Rxb5 Rb2 45. Kg3 Bc4 46. Rb8+ Kf7 47.
Ng6 1-0

[Event "World Blitz 2025"]
[Site "Doha QAT"]
[Date "2025.12.29"]
[Round "9.113"]
[White "Anwoir, Tarik"]
[Black "Rakotomaharo, Fy Antenaina"]
[Result "0-1"]
[BlackTitle "IM"]
[WhiteElo "2098"]
[BlackElo "2434"]
[WhiteFideId "9004904"]
[BlackFideId "13100050"]
[EventDate "2025.12.29"]

1. e4 g6 2. Nf3 Bg7 3. g3 c5 4. Bg2 Nc6 5. O-O d6 6. h3 e5 7. c3 Nge7 8. Na3 O-O
9. Nc2 d5 10. exd5 Nxd5 11. Ne3 Be6 12. Re1 Re8 13. d3 Nb6 14. Qe2 f5 15. Rd1
Qf6 16. h4 h6 17. Nf1 Rad8 18. Be3 c4 19. d4 e4 20. Ne1 Nd5 21. Nc2 b5 22. a3 a5
23. Rdc1 Bf7 24. Nh2 g5 25. hxg5 hxg5 26. Bd2 Bg6 27. Ne3 Nxe3 28. fxe3 Qd6 29.
Nf1 Ne7 30. a4 Qb6 31. axb5 Qxb5 32. b4 axb4 33. cxb4 Rc8 34. Ra5 Qd7 35. Rxc4
Bh5 36. Qxh5 Rxc4 37. Ra7 0-1

[Event "World Blitz 2025"]
[Site "Doha QAT"]
[Date "2025.12.29"]
[Round "9.114"]
[White "Dahal, Sushrut"]
[Black "Suleimen, Ergali"]
[Result "0-1"]
[WhiteTitle "CM"]
[BlackTitle "IM"]
[WhiteElo "2037"]
[BlackElo "2419"]
[WhiteFideId "12303275"]
[BlackFideId "13724452"]
[EventDate "2025.12.29"]

1. d4 Nf6 2. Nc3 d5 3. Bf4 e6 4. Nb5 Bb4+ 5. c3 Ba5 6. a4 a6 7. Na3 c6 8. e3 O-O
9. Bd3 Bc7 10. Nf3 Nbd7 11. O-O Ne4 12. Qc2 f5 13. Bxc7 Qxc7 14. c4 Qd6 15. Ne1
e5 16. f3 Nef6 17. Bxf5 exd4 18. exd4 dxc4 19. Qxc4+ Kh8 20. Bc2 Nb6 21. Qd3
Nbd5 22. Nc4 Qd8 23. Rd1 Nb4 24. Qb3 Nxc2 25. Qxc2 Nd5 26. Qd2 Nf4 27. Kh1 Be6
28. Ne5 Bd5 29. Ng4 Qh4 30. Nd3 Nxd3 31. Qxd3 Rae8 32. Ne5 Re6 33. Rde1 Rh6 34.
h3 Qg3 35. Kg1 Rxh3 36. Ng4 Rh4 37. Qf5 Rxf5 38. Re8+ Bg8 39. Rfe1 Rxg4 40. Rf1 0-1

[Event "World Blitz 2025"]
[Site "Doha QAT"]
[Date "2025.12.29"]
[Round "9.115"]
[White "Aziz, Husain"]
[Black "Phuyal, Aashish"]
[Result "1-0"]
[WhiteTitle "IM"]
[WhiteElo "2256"]
[BlackElo "1955"]
[WhiteFideId "12100293"]
[BlackFideId "12312649"]
[EventDate "2025.12.29"]

1. d4 Nf6 2. Nf3 e6 3. Bf4 c5 4. e3 Nc6 5. c3 d5 6. Nbd2 Bd6 7. Bg3 O-O 8. Bd3
b6 9. e4 Nh5 10. Bxd6 Qxd6 11. e5 Qe7 12. g3 g6 13. O-O cxd4 14. cxd4 Nb4 15.
Be2 Ba6 16. a3 Bxe2 17. Qxe2 Nc6 18. Rfc1 Qb7 19. Rc3 Rac8 20. Rac1 Ne7 21. h4
Rxc3 22. Rxc3 Rc8 23. Qd3 Rxc3 24. Qxc3 Qc6 25. Nb1 Qxc3 26. Nxc3 Nc6 27. Kf1
Ng7 28. Ke2 Kf8 29. Kd3 Ke7 30. Ng5 h6 31. Nf3 Kd7 32. Ne2 Nf5 33. g4 Ng7 34.
Nf4 h5 35. gxh5 Nxh5 36. Nxh5 gxh5 37. Ke3 Ne7 38. Kf4 Kc6 39. Kg5 Kb5 40. b3 a5
41. Kxh5 a4 42. bxa4+ Kxa4 43. Kg5 Kxa3 44. h5 b5 45. h6 b4 46. h7 Ng6 47. Kf6
b3 48. Kxf7 Nh8+ 49. Kxe6 b2 50. Nd2 Kb4 51. Kxd5 Kc3 52. Nb1+ Kc2 53. Na3+ Kb3
54. Nc4 Ng6 55. Nxb2 Kxb2 56. Ke6 Kc3 57. Kf6 Nh8 58. Kg7 Kxd4 59. e6 Ke5 60. e7 1-0

[Event "World Blitz 2025"]
[Site "Doha QAT"]
[Date "2025.12.29"]
[Round "9.117"]
[White "Al-Janahi, Ibrahim"]
[Black "Ammar, Sedrani"]
[Result "0-1"]
[BlackTitle "FM"]
[WhiteElo "1656"]
[BlackElo "2203"]
[WhiteFideId "12102385"]
[BlackFideId "9312331"]
[EventDate "2025.12.29"]

1. d4 Nf6 2. c4 e6 3. Nc3 d5 4. cxd5 exd5 5. Bg5 Be7 6. e3 h6 7. Bh4 O-O 8. Bd3
c6 9. Nf3 Bg4 10. O-O Nbd7 11. h3 Bh5 12. Be2 Bd6 13. a3 a5 14. Nd2 Bxe2 15.
Qxe2 Re8 16. Rfe1 Qb8 17. Bxf6 Nxf6 18. Qd3 Qc8 19. e4 dxe4 20. Ndxe4 Nxe4 21.
Nxe4 Qd7 22. Qb3 a4 23. Qd3 Re6 24. Nxd6 Rxd6 25. Rad1 Rd8 26. Re4 g6 27. Qc4 b5
28. Qc3 Rd5 29. Rh4 h5 30. Qg3 c5 31. Qf3 cxd4 32. Qd3 Qc7 33. Qe4 d3 34. Qe3 d2
35. Re4 Qc2 36. Qe2 Kg7 37. Rb4 Re8 38. Qxe8 Qxd1+ 39. Kh2 Qe1 40. Rf4 0-1

[Event "World Blitz 2025"]
[Site "Doha QAT"]
[Date "2025.12.29"]
[Round "9.118"]
[White "Nainys, Zanas"]
[Black "Alhassadi, Yousef A."]
[Result "1-0"]
[BlackTitle "FM"]
[WhiteElo "2307"]
[BlackElo "2098"]
[WhiteFideId "12844098"]
[BlackFideId "9204725"]
[EventDate "2025.12.29"]

1. d4 Nf6 2. c4 e6 3. Nf3 d5 4. Nc3 Bb4 5. Qa4+ Nc6 6. e3 O-O 7. Qc2 Re8 8. a3
Bf8 9. b4 e5 10. dxe5 Nxe5 11. Nxe5 Rxe5 12. Bb2 Bf5 13. Bd3 Bxd3 14. Qxd3 dxc4
15. Qxc4 Re8 16. O-O c6 17. e4 Qc7 18. Nd5 Nxd5 19. exd5 Bd6 20. dxc6 Bxh2+ 21.
Kh1 Be5 22. Bxe5 Rxe5 23. g3 Qxc6+ 24. Qxc6 bxc6 25. Rac1 Re6 26. Rc5 g6 27.
Rfc1 Re2 28. Kg2 Ra2 29. R1c3 Re8 30. Rxc6 Ree2 31. Rf3 Re7 32. g4 h6 33. Kg3
Kg7 34. Ra6 Rd7 35. Rc3 Rad2 36. f3 Ra2 37. Kf4 g5+ 38. Ke3 Re7+ 39. Kd4 Rd2+
40. Kc4 Rd1 41. Kb5 Rd5+ 42. Ka4 Rd2 43. Ka5 Rde2 44. a4 f6 45. Rcc6 Rf7 46. b5
Re3 47. Rc8 Rxf3 48. Ra8 h5 49. R6xa7 hxg4 50. Rxf7+ Kxf7 51. Rc8 g3 52. Rc1 Rb3
53. Kb6 f5 54. a5 f4 55. a6 f3 56. a7 Ra3 57. Rc3 Rxa7 58. Rd3 1-0

[Event "World Blitz 2025"]
[Site "Doha QAT"]
[Date "2025.12.29"]
[Round "9.119"]
[White "Al Mashikhi, Salim Aliyan"]
[Black "Chekh Adm Khedr, Aram"]
[Result "0-1"]
[WhiteTitle "FM"]
[BlackTitle "FM"]
[WhiteElo "1952"]
[BlackElo "2139"]
[WhiteFideId "22000046"]
[BlackFideId "7601948"]
[EventDate "2025.12.29"]

1. c4 e5 2. g3 Nf6 3. Bg2 c5 4. Nc3 Nc6 5. Nf3 d5 6. cxd5 Nxd5 7. O-O Be6 8. e3
Nxc3 9. bxc3 Bc4 10. Re1 Bd3 11. Qa4 Bd6 12. Nh4 O-O 13. Bf1 b5 14. Qa6 Bxf1 15.
Rxf1 Qb6 16. Qxb6 axb6 17. Nf5 Bc7 18. e4 Rfd8 19. Ne3 Ne7 20. Rd1 Ra5 21. Bb2
c4 22. Kf1 f6 23. Ke2 Ra4 24. f3 Rda8 25. a3 Bd6 26. Nc2 Bc5 27. d3 Kf7 28. dxc4
bxc4 29. Rd7 R8a7 30. Rxa7 Rxa7 31. Rd1 Nc6 32. Nb4 Bxb4 33. cxb4 Ke7 34. Rd5
Rb7 35. Bc3 b5 36. f4 exf4 37. gxf4 Na7 38. Bd4 Nc6 39. Bc5+ Kf7 40. Rd6 Ne7 41.
Ra6 Ng6 42. Kf3 Rd7 43. Be3 Rc7 44. Bc5 c3 45. Ra7 Rxa7 46. Bxa7 c2 47. Be3 Nh4+
48. Kg3 Ng6 49. Bc1 Ke7 50. Kf3 Kd6 51. Ke3 Nh4 52. Kd3 Nf3 53. Kxc2 Nxh2 54.
Kd3 Ng4 55. Ke2 Nh6 56. Ke3 Nf7 57. Bb2 Nd8 58. Kd4 Ne6+ 59. Ke3 Nc7 60. Bd4 Ne8
61. Bc5+ Kc6 62. Bf8 g6 63. Kd4 Nc7 64. f5 gxf5 65. exf5 Nd5 66. a4 Nc7 67. a5
Na6 68. Kc3 Kd5 69. Kd3 Ke5 70. Ke3 Kxf5 71. Kd4 Ke6 72. Kc3 Kd5 73. Kd3 f5 74.
Ke3 Ke5 75. Kf3 h5 76. Be7 h4 77. Bxh4 Nxb4 78. Bg3+ Ke6 79. Be1 Na6 80. Ke3 Ke5
81. Bg3+ Kd5 82. Kf4 Ke6 83. Be1 Nc5 84. Kf3 Kd5 85. Ke2 Ke4 86. Bf2 Na6 87. Bb6
f4 88. Kd2 Kf3 89. Kc3 Kg2 90. Kd2 f3 91. Ke1 b4 92. Bd4 Nc7 93. Kd2 f2 94. Bxf2
Kxf2 95. Kd3 Na6 96. Kc4 Ke3 97. Kb5 b3 98. Kxa6 b2 99. Ka7 b1=Q 100. a6 Kd4
101. Ka8 Qe4+ 102. Kb8 Kc5 103. a7 Kb6 0-1

[Event "World Blitz 2025"]
[Site "Doha QAT"]
[Date "2025.12.29"]
[Round "9.120"]
[White "Fandi, Mazen"]
[Black "Anand, Tsogtbileg"]
[Result "0-1"]
[WhiteTitle "FM"]
[BlackTitle "CM"]
[WhiteElo "2304"]
[BlackElo "1968"]
[WhiteFideId "7611625"]
[BlackFideId "4926552"]
[EventDate "2025.12.29"]

1. e4 c5 2. Nf3 d6 3. d4 cxd4 4. Nxd4 Nf6 5. Nc3 a6 6. f3 e5 7. Nb3 Be6 8. Be3
Nbd7 9. Nd5 Nxd5 10. exd5 Bf5 11. Bd3 Bxd3 12. Qxd3 Be7 13. O-O O-O 14. c4 Rc8
15. Rac1 f5 16. Bf2 Qc7 17. Rfd1 b6 18. Nd2 Bg5 19. b4 a5 20. a3 0-1

[Event "World Blitz 2025"]
[Site "Doha QAT"]
[Date "2025.12.29"]
[Round "9.121"]
[White "Alrehaili, Ahmed Abdullah S"]
[Black "Dinham, James"]
[Result "0-1"]
[WhiteTitle "FM"]
[WhiteElo "2106"]
[BlackElo "2091"]
[WhiteFideId "21518840"]
[BlackFideId "14327023"]
[EventDate "2025.12.29"]

1. e4 c5 2. Nf3 d6 3. d4 cxd4 4. Qxd4 a6 5. h3 Nc6 6. Qe3 g6 7. c4 Bg7 8. Nc3
Nf6 9. a3 O-O 10. Be2 Na5 11. Nd5 Bd7 12. Bd2 Nc6 13. O-O Nxd5 14. cxd5 Nd4 15.
Nxd4 Qb6 16. Bc3 Rac8 17. Nf5 Qxe3 18. Nxe3 Bb5 19. Bxb5 axb5 20. Rac1 0-1

[Event "World Blitz 2025"]
[Site "Doha QAT"]
[Date "2025.12.29"]
[Round "9.122"]
[White "Ashwath Kaushik"]
[Black "Ahmad, Saif"]
[Result "1-0"]
[WhiteTitle "FM"]
[WhiteElo "2345"]
[BlackElo "1567"]
[WhiteFideId "33387230"]
[BlackFideId "12102709"]
[EventDate "2025.12.29"]

1. d4 d5 2. Nf3 Nf6 3. c4 e6 4. e3 Be7 5. b3 O-O 6. Bd3 c5 7. O-O Nc6 8. Bb2 a6
9. Nbd2 b5 10. cxb5 Nb4 11. Be2 axb5 12. a3 Nc6 13. Bxb5 Qb6 14. Bxc6 Qxc6 15.
dxc5 Bxc5 16. Rc1 Qd6 17. b4 Bb6 18. Be5 Qe7 19. Qb3 Bd7 20. Qb2 Ne8 21. Bd4
Bxd4 22. Nxd4 Nd6 23. Nc2 1-0

[Event "World Blitz 2025"]
[Site "Doha QAT"]
[Date "2025.12.29"]
[Round "9.123"]
[White "Fates, Omer Salah"]
[Black "Abdilkhair, Abilmansur"]
[Result "0-1"]
[BlackTitle "IM"]
[WhiteElo "2079"]
[BlackElo "2378"]
[WhiteFideId "9212035"]
[BlackFideId "13716417"]
[EventDate "2025.12.29"]

1. e4 a6 2. d4 e6 3. Nf3 d5 4. exd5 exd5 5. Bd3 Bd6 6. O-O Ne7 7. c4 dxc4 8.
Bxc4 O-O 9. Nc3 Nbc6 10. h3 b5 11. Bd3 Bf5 12. Re1 f6 13. a3 Qd7 14. d5 Ne5 15.
Nxe5 Bxe5 16. Bxf5 Nxf5 17. Qg4 Rad8 18. Bf4 Bxc3 19. bxc3 Ne7 20. Bxc7 Qxc7 21.
Qe6+ Rf7 22. Qxa6 Nxd5 23. Qxb5 Nxc3 24. Qb3 Rb8 25. Qc2 Nd5 26. Qf5 Ne7 27. Qg4
Qc8 28. Qd4 Nf5 29. Qd3 Nh4 30. Rad1 Qb7 31. Qg3 g5 32. Rd4 Nf5 33. Rb4 Qxb4 0-1

[Event "World Blitz 2025"]
[Site "Doha QAT"]
[Date "2025.12.29"]
[Round "9.124"]
[White "Alsaqer, Meshal"]
[Black "Alkhuriji, Abdulaziz N"]
[Result "1/2-1/2"]
[WhiteElo "1853"]
[BlackElo "1972"]
[WhiteFideId "10301771"]
[BlackFideId "21525919"]
[EventDate "2025.12.29"]

1. d4 Nf6 2. Nf3 g6 3. Bf4 Bg7 4. e3 d5 5. Be2 O-O 6. O-O Nbd7 7. h3 c5 8. c3 b6
9. a4 a6 10. Nbd2 Bb7 11. Re1 Rc8 12. Bh2 Re8 13. Ne5 Nxe5 14. Bxe5 cxd4 15.
exd4 Qd7 16. Bd3 Nh5 17. Bh2 Nf6 18. Qe2 e6 19. Bxa6 Bxa6 20. Qxa6 Qc6 21. Qb5
Qxb5 22. axb5 Ra8 23. Bc7 Nd7 24. Ra6 Rxa6 25. bxa6 Ra8 26. Ra1 Kf8 27. b4 Ke7
28. b5 f6 29. f4 h6 30. g4 g5 31. Re1 Bf8 32. Kg2 Rc8 33. fxg5 hxg5 34. Bg3 Rxc3
35. Ra1 Rc8 36. a7 Ra8 37. h4 gxh4 38. Bxh4 e5 39. dxe5 Nxe5 40. Bg3 Ke6 41. Nb3
Nc4 42. Bb8 Bd6 43. Nd4+ Kd7 44. Bxd6 Kxd6 45. Nc6 Kc5 46. Rb1 Ne5 47. Kg3 Nxc6
48. bxc6 Kxc6 49. Rf1 Rxa7 50. Rxf6+ Kc5 51. g5 d4 52. Kf4 d3 53. Ke3 Rd7 54.
Kd2 Rg7 55. g6 b5 56. Ra6 Kc4 57. Rc6+ Kd5 58. Ra6 Kc4 59. Rc6+ Kd5 60. Ra6 Ke5
61. Kxd3 Kf5 62. Kc3 Rxg6 63. Rxg6 Kxg6 64. Kb4 Kf5 65. Kxb5 Ke5 66. Kc5 1/2-1/2

[Event "World Blitz 2025"]
[Site "Doha QAT"]
[Date "2025.12.29"]
[Round "9.125"]
[White "Al-Kuwari, Hamad"]
[Black "AlJamaat, Khaled"]
[Result "0-1"]
[WhiteTitle "CM"]
[WhiteElo "1809"]
[BlackElo "1719"]
[WhiteFideId "12102679"]
[BlackFideId "12102415"]
[EventDate "2025.12.29"]

1. e4 e5 2. Nf3 Nc6 3. Bb5 a6 4. Ba4 Nf6 5. d3 Bc5 6. O-O b5 7. Bb3 d6 8. c3 h6
9. h3 O-O 10. Re1 Bb6 11. Nbd2 Ne7 12. Nf1 Ng6 13. Ng3 Be6 14. d4 c5 15. Bxe6
fxe6 16. dxe5 Nxe5 17. Nxe5 dxe5 18. Qxd8 Raxd8 19. Be3 Rd6 20. Rad1 Rfd8 21.
Rxd6 Rxd6 22. Kf1 Kf7 23. Ke2 c4 24. Bxb6 Rxb6 25. a3 Rd6 26. Rd1 Rxd1 27. Kxd1
Ke7 28. f3 Nd7 29. Nf1 Nc5 30. Ne3 Nd3 31. Kc2 Kd6 32. b3 Ne1+ 33. Kb2 Kc5 34.
b4+ Kd6 35. Kc1 Nd3+ 36. Kd2 Ke7 37. a4 Kd6 38. axb5 axb5 39. Nd1 Nf4 40. Ne3
Nd3 41. Ke2 h5 42. h4 Ke7 43. Nd1 Kf6 44. Ke3 g5 45. hxg5+ Kxg5 46. g3 h4 47.
gxh4+ Kxh4 48. Nf2 Nxf2 49. Kxf2 Kh3 50. Ke3 Kg3 51. Ke2 Kg2 52. Ke3 Kf1 53. f4
exf4+ 54. Kxf4 Ke2 55. Ke5 Kd3 56. Kxe6 Kxe4 57. Kd6 Kd3 58. Kc5 Kxc3 59. Kxb5
Kd3 60. Ka6 c3 61. b5 c2 62. b6 c1=Q 63. b7 Qa3+ 64. Kb6 Qb4+ 65. Kc7 Qc5+ 66.
Kd8 Qb6+ 67. Kc8 Qc6+ 0-1

[Event "World Blitz 2025"]
[Site "Doha QAT"]
[Date "2025.12.29"]
[Round "9.126"]
[White "Blackwood, Ryan"]
[Black "Al-Mansouri, Fahad"]
[Result "1-0"]
[WhiteElo "1945"]
[BlackElo "1607"]
[WhiteFideId "7400640"]
[BlackFideId "12102407"]
[EventDate "2025.12.29"]

1. e4 c5 2. Nf3 g6 3. d4 cxd4 4. Nxd4 Bg7 5. Nc3 Nc6 6. Nxc6 bxc6 7. Bd3 d5 8.
O-O e6 9. Qf3 Ne7 10. Bg5 O-O 11. Rad1 Qc7 12. Bf6 Bxf6 13. Qxf6 a5 14. f4 Ba6
15. Kh1 Nc8 16. exd5 cxd5 17. Bxa6 Rxa6 18. Nxd5 Qxc2 19. Ne3 Qe4 20. Ng4 h5 21.
Nh6+ Kh7 22. Nxf7 Nd6 23. Ng5+ Kg8 24. Nxe4 Nxe4 25. Qxg6+ Kh8 1-0

[Event "World Blitz 2025"]
[Site "Doha QAT"]
[Date "2025.12.29"]
[Round "10.1"]
[White "Grischuk, Alexander"]
[Black "Carlsen, Magnus"]
[Result "1/2-1/2"]
[WhiteTitle "GM"]
[BlackTitle "GM"]
[WhiteElo "2654"]
[BlackElo "2840"]
[WhiteFideId "4126025"]
[BlackFideId "1503014"]
[EventDate "2025.12.29"]

1. e4 g6 2. d4 d6 3. Nc3 Bg7 4. Be3 a6 5. Nf3 b5 6. Bd3 Nd7 7. O-O c5 8. dxc5
Nxc5 9. e5 Nxd3 10. Qxd3 Bf5 11. Qe2 dxe5 12. Rfd1 Qc8 13. Nd5 Qb7 14. a4 b4 15.
Nb6 Rb8 16. Qc4 Nf6 17. Nxe5 O-O 18. a5 Be6 19. Qxb4 Nd5 20. Nxd5 Qxb4 21. Nxb4
Rxb4 22. Nd3 Rb5 23. c3 Bb3 24. Rd2 Rd8 25. Nb4 Rxd2 26. Bxd2 Bc4 27. Be3 Be5
28. h3 Bd6 29. Nxa6 Rxb2 30. Nb4 Bxb4 31. cxb4 Rxb4 32. a6 Rb8 33. a7 Ra8 34.
Rb1 Bd5 35. Rb8+ Kg7 36. g3 Kf6 37. h4 Ke6 38. Kf1 f6 39. Ke2 Kd7 40. Kd3 h5 41.
Kc3 Bc6 42. Kb4 Bh1 43. Ka5 Bc6 44. Kb6 Bf3 45. Bc5 Bg2 46. Kb5 Kc7 47. Bb6+ Kd7
48. Kc5 Bf3 49. Kd4 Bc6 50. Ke3 Kd6 51. f3 Bd5 52. g4 Kd7 53. Kf4 e5+ 54. Ke3
Ke6 55. Bc5 Bc6 56. Bb6 Bd5 57. Kf2 Bc6 58. Kg3 Bd5 59. Bc5 Bc6 60. Bf2 Kd6 61.
Bb6 Ke6 62. Bc5 Kd5 63. Bf2 Kd6 64. gxh5 gxh5 65. f4 Ke6 66. Bb6 Kf5 67. fxe5
fxe5 68. Bc5 Bd5 69. Bb6 Bc6 70. Bf2 Bd5 71. Bg1 Bc6 72. Bf2 Bd5 1/2-1/2

[Event "World Blitz 2025"]
[Site "Doha QAT"]
[Date "2025.12.29"]
[Round "10.2"]
[White "Abdusattorov, Nodirbek"]
[Black "Erigaisi, Arjun"]
[Result "0-1"]
[WhiteTitle "GM"]
[BlackTitle "GM"]
[WhiteElo "2732"]
[BlackElo "2775"]
[WhiteFideId "14204118"]
[BlackFideId "35009192"]
[EventDate "2025.12.29"]

1. e4 e5 2. Nf3 Nc6 3. Bb5 a6 4. Ba4 Bc5 5. c3 Nge7 6. O-O Ba7 7. d4 Ng6 8. Be3
O-O 9. Nbd2 exd4 10. cxd4 d5 11. e5 f6 12. Bxc6 bxc6 13. Rc1 fxe5 14. dxe5 d4
15. Qb3+ Kh8 16. Bg5 Qe8 17. Rfe1 Be6 18. Qa4 h6 19. Bh4 Nxh4 20. Nxh4 Bd5 21.
e6 Rf4 22. Nhf3 Qe7 23. Rxc6 Bxc6 24. Qxc6 Re8 25. Ne5 Rf6 26. Ndf3 d3 27. Qxa6
d2 28. Rf1 Bxf2+ 29. Kxf2 Qc5+ 30. Kg3 Rfxe6 31. Qd3 Rxe5 32. Nxe5 Qxe5+ 33. Kh3
Qh5+ 34. Kg3 Qg5+ 35. Kf3 Re1 0-1

[Event "World Blitz 2025"]
[Site "Doha QAT"]
[Date "2025.12.29"]
[Round "10.4"]
[White "Radjabov, Teimour"]
[Black "Vachier-Lagrave, Maxime"]
[Result "0-1"]
[WhiteTitle "GM"]
[BlackTitle "GM"]
[WhiteElo "2692"]
[BlackElo "2734"]
[WhiteFideId "13400924"]
[BlackFideId "623539"]
[EventDate "2025.12.29"]

1. d4 Nf6 2. c4 g6 3. Nc3 d5 4. Bg5 Bg7 5. e3 Ne4 6. Bf4 Nxc3 7. bxc3 c5 8. cxd5
cxd4 9. cxd4 Qxd5 10. Nf3 Nc6 11. Be2 Qa5+ 12. Qd2 Qxd2+ 13. Kxd2 O-O 14. Rhc1
Rd8 15. Ke1 Bf5 16. Rc5 Rac8 17. Rac1 Bf8 18. R5c3 e5 19. Bg5 Re8 20. a3 exd4
21. exd4 Bg7 22. Be3 Rcd8 23. Rd1 Be4 24. Rcc1 h6 25. Kf1 Bd5 26. h3 Bf8 27. Rc3
a6 28. Rdc1 Ne7 29. Ne5 Nf5 30. Bf3 Bg7 31. Bxd5 Rxd5 32. Rc8 Rdd8 33. Rxd8 Rxd8
34. Nf3 Nxd4 35. Nxd4 Bxd4 36. Bxh6 b5 37. Rc6 a5 38. Bg5 Re8 39. Bd2 Ra8 40.
Ke2 Bb2 41. Rb6 Bxa3 42. Rxb5 a4 43. Bc3 Bf8 44. h4 a3 45. h5 Bg7 46. Bxg7 Kxg7
47. Rb1 a2 48. Ra1 gxh5 49. Kd2 Kf6 50. Kc2 Kf5 51. Kb2 h4 52. Kc2 Ke4 53. Kc3
f5 54. Kc2 f4 55. Re1+ Kf5 56. Ra1 f3 0-1

[Event "World Blitz 2025"]
[Site "Doha QAT"]
[Date "2025.12.29"]
[Round "10.5"]
[White "Bu, Xiangzhi"]
[Black "Van Foreest, Jorden"]
[Result "1/2-1/2"]
[WhiteTitle "GM"]
[BlackTitle "GM"]
[WhiteElo "2665"]
[BlackElo "2692"]
[WhiteFideId "8601445"]
[BlackFideId "1039784"]
[EventDate "2025.12.29"]

1. Nf3 Nf6 2. c4 g6 3. g3 Bg7 4. Bg2 O-O 5. O-O d6 6. d4 Nbd7 7. Nc3 e5 8. e4
Re8 9. h3 b6 10. Re1 Bb7 11. d5 a5 12. b3 Nc5 13. Rb1 Bc8 14. a3 a4 15. b4 Nb3
16. Be3 Bd7 17. Nd2 Nd4 18. Nf3 Nb3 19. Nd2 Nd4 20. Nf3 1/2-1/2

[Event "World Blitz 2025"]
[Site "Doha QAT"]
[Date "2025.12.29"]
[Round "10.6"]
[White "Yu, Yangyi"]
[Black "Lu, Shanglei"]
[Result "1/2-1/2"]
[WhiteTitle "GM"]
[BlackTitle "GM"]
[WhiteElo "2717"]
[BlackElo "2643"]
[WhiteFideId "8603820"]
[BlackFideId "8603332"]
[EventDate "2025.12.29"]

1. d4 Nf6 2. c4 e6 3. Nc3 Bb4 4. Nf3 O-O 5. Bd2 d5 6. e3 b6 7. Rc1 Bb7 8. cxd5
exd5 9. a3 Be7 10. g3 c5 11. Bg2 Nc6 12. O-O cxd4 13. exd4 h6 14. Re1 Bd6 15.
Nb5 Bb8 16. Ne5 Nxe5 17. dxe5 Ne4 18. Bb4 Re8 19. Bxe4 dxe4 20. Qxd8 Rxd8 21.
Bd6 Ba6 22. Nc7 Bxc7 23. Rxc7 Rdc8 24. Rec1 Rxc7 25. Rxc7 Rc8 26. Rxc8+ Bxc8 27.
Kf1 f6 28. exf6 gxf6 29. Ke2 Kf7 30. Ke3 f5 31. Bf4 h5 32. Bb8 a5 33. Kf4 Kg6
34. Bc7 a4 35. Bxb6 Be6 36. Ke5 Bb3 37. Be3 Bd1 38. Bd4 Kg5 39. h3 Bb3 40. Be3+
Kg6 41. h4 Bc2 42. Bd4 Bb3 43. Bc3 Bc2 44. Bb4 Kf7 45. Bc5 Kg6 46. Bd4 Bb3 47.
Be3 Bc2 48. Bd2 Bb3 49. Bc1 Bc2 50. Bf4 Bb3 51. Bg5 Bc2 52. Bd2 Bb3 53. Ba5 Bc2
54. Bb6 Bb3 55. Bd4 Bc2 56. Be3 1/2-1/2

[Event "World Blitz 2025"]
[Site "Doha QAT"]
[Date "2025.12.29"]
[Round "10.7"]
[White "Sadhwani, Raunak"]
[Black "Firouzja, Alireza"]
[Result "1/2-1/2"]
[WhiteTitle "GM"]
[BlackTitle "GM"]
[WhiteElo "2638"]
[BlackElo "2762"]
[WhiteFideId "35093487"]
[BlackFideId "12573981"]
[EventDate "2025.12.29"]

1. d4 Nf6 2. c4 e6 3. Nc3 d5 4. Bg5 Nbd7 5. e3 h6 6. Bh4 Be7 7. Nf3 O-O 8. Qc2
c6 9. Rd1 b6 10. Be2 Bb7 11. O-O Rc8 12. cxd5 cxd5 13. Qb3 a6 14. a4 Nb8 15. Ne5
Nc6 16. Nxc6 Rxc6 17. Rc1 Qc7 18. Na2 Rc8 19. Rxc6 Qxc6 20. Bxf6 gxf6 21. Rc1
Qd6 22. Rxc8+ Bxc8 23. Bd3 Qc6 24. g3 a5 25. Nc3 Bb4 26. Na2 Be7 27. Nc3 Bb4 28.
Na2 1/2-1/2

[Event "World Blitz 2025"]
[Site "Doha QAT"]
[Date "2025.12.29"]
[Round "10.8"]
[White "Gukesh, D"]
[Black "Dubov, Daniil"]
[Result "0-1"]
[WhiteTitle "GM"]
[BlackTitle "GM"]
[WhiteElo "2754"]
[BlackElo "2672"]
[WhiteFideId "46616543"]
[BlackFideId "24126055"]
[EventDate "2025.12.29"]

1. c4 g6 2. g3 Bg7 3. Bg2 Nf6 4. Nf3 O-O 5. d4 d6 6. O-O a5 7. Re1 Bf5 8. Nc3
Ne4 9. Nd5 c6 10. Ne3 Bc8 11. Qd3 f5 12. Nd2 Nf6 13. b3 e5 14. dxe5 dxe5 15. Bb2
Qe7 16. Rad1 Na6 17. Nef1 Nc5 18. Qb1 e4 19. Qa1 Bd7 20. Ne3 Rae8 21. Ndf1 Bc8
22. Bc3 g5 23. f4 gxf4 24. gxf4 Nh5 25. Ng3 Nxf4 26. Rf1 Bh6 27. Kh1 Nxg2 28.
Nxg2 f4 29. Nh5 f3 30. Rg1 f2 31. Ne3+ fxg1=Q+ 32. Rxg1+ Kf7 33. Bf6 Qd6 34. Rd1
Qe6 35. Rf1 Bxe3 36. Bg5+ Kg6 37. Qg7+ Kxh5 38. Qxh7+ Kxg5 39. h4+ Kg4 40. Qg7+
Kh5 41. Rg1 Qh3# 0-1